Rubber cultivation in Goa, Maharashtra and Orissa (Record no. 67546)

MARC details
000 -LEADER
fixed length control field 00366nam a2200145Ia 4500
245 #0 - TITLE STATEMENT
Title Rubber cultivation in Goa, Maharashtra and Orissa
260 ## - PUBLICATION, DISTRIBUTION, ETC. (IMPRINT)
Name of publisher Rubber Board Bulletin
Year of publication 1986
300 ## - PHYSICAL DESCRIPTION
Number of Pages 18-Aug
650 ## - SUBJECT ADDED ENTRY--TOPICAL TERM
Topical Term Goa
650 ## - SUBJECT ADDED ENTRY--TOPICAL TERM
Topical Term Maharashtra
650 ## - SUBJECT ADDED ENTRY--TOPICAL TERM
Topical Term Orissa
650 ## - SUBJECT ADDED ENTRY--TOPICAL TERM
Topical Term Rubber cultivation
942 ## - ADDED ENTRY ELEMENTS (KOHA)
Koha item type Journals
Holdings
Withdrawn status Lost status Damaged status Not for loan Home library Current library Shelving location Date acquired Serial Enumeration / chronology Koha item type
      Journals RRII Library RRII Library Rubber general 17/12/2021 Volume 21, Issue 3 Journals